Score 0/12 Timer 00:45
6 Plays Today
% Correct
Ebenezer Scrooge
89%
Esmeralda
86%
Edward Cullen
85.1%
Emma Woodhouse
83.1%
Eleven
79.4%
Eliza Doolittle
78%
Edmond Dantès
76.1%
Eddard Stark
75.6%
Elrond
74.4%
Edmund Pevensie
70.2%
Ellis Redding
67.9%
Erik
48.2%
Remove Ads.
Support Sporcle.
Get the best of Sporcle when you Go Orange. This ad-free experience offers more features, more stats, and more fun while also helping to support Sporcle. Thank you for becoming a member.

You're not logged in!

Compare scores with friends on all Sporcle quizzes.
OR
Log In

Sporcle TV

Today on Sporcle TV


Watch our educational content, quiz creation guides, and fun videos on Sporcle TV.

Show Comments

Extras

Top Quizzes Today


Score Distribution

Paid Content

Your Account Isn't Verified!

In order to create a playlist on Sporcle, you need to verify the email address you used during registration. Go to your Sporcle Settings to finish the process.

Report this User

Report this user for behavior that violates our Community Guidelines.

Details: